|
|
|
|
| LEADER |
01135naa a2200241 i 4500 |
| 001 |
acta77380 |
| 005 |
20221128112154.0 |
| 008 |
221128s2022 hu o 1|| eng d |
| 020 |
|
|
|a 978-963-306-862-5
|
| 040 |
|
|
|a SZTE Egyetemi Kiadványok Repozitórium
|b hun
|
| 041 |
|
|
|a eng
|
| 100 |
1 |
|
|a Kiss Hedvig
|
| 245 |
1 |
4 |
|a The role of online activities and academic performance in Indian adolescents' eating disorders
|h [elektronikus dokumentum] :
|b a cross-sectional study : [absztrakt] /
|c Kiss Hedvig
|
| 260 |
|
|
|a Szegedi Tudományegyetem, Neveléstudományi Doktori Iskola
|b Szeged
|c 2022
|
| 300 |
|
|
|a 82
|
| 490 |
0 |
|
|a Pedagógiai Értékelési Konferencia
|v 18
|
| 650 |
|
4 |
|a Társadalomtudományok
|
| 650 |
|
4 |
|a Pszichológia
|
| 695 |
|
|
|a Táplálkozási zavarok - serdülőké - India - előadáskivonat, Online tevékenység - előadáskivonat, Digitális technológia használata - előadáskivonat
|
| 700 |
0 |
1 |
|a Patel Kosha
|e aut
|
| 700 |
0 |
1 |
|a Pikó Bettina
|e aut
|
| 711 |
|
|
|a Pedagógiai Értékelési Konferencia (18.)
|c Szeged
|d 2022. április 21-23.
|
| 856 |
4 |
0 |
|u http://acta.bibl.u-szeged.hu/77380/1/pek_2022_082.pdf
|z Dokumentum-elérés
|